000 00341nam a2200133Ia 4500
008 100328s9999 xx 000 0 und d
082 _b33941
100 _aगाडगीळ बाळ
245 _aखिल्ली
260 _bमाुश्री
630 _aखिल्ली
730 _aखिल्ली
942 _cBOOK
999 _c524235
_d524232